| 000 | 00478nam a22001457a 4500 | ||
|---|---|---|---|
| 008 | 140606b xxu||||| |||| 00| 0 eng d | ||
| 020 | _a9781902234212 | ||
| 050 | _aLC401.B582 | ||
| 100 |
_aSmith, David I. and Shortt, John _910700 |
||
| 245 |
_aThe Bible and the task of teaching _cDavid I. Smith and John Shortt |
||
| 260 |
_aNottingham _bStapleford Centre _c2002 |
||
| 300 |
_a188p. ; _c22cm. |
||
| 650 |
_aChristian education _xThe Bible _910701 |
||
| 942 |
_2lcc _cMONOGRAPH _03 |
||
| 999 |
_c120655 _d120655 |
||